Approximation methods in functional analysis /
Guardado en:
| Autor Principal: | |
|---|---|
| Formato: | Libro |
| Idioma: | English |
| Publicado: |
[S.l.] :
California Institute of Technology,
[s.f.]
|
| Etiquetas: |
Agregar Etiqueta
Sin Etiquetas, Sea el primero en etiquetar este registro!
|
| LEADER | 00600nam a22001455a 4500 | ||
|---|---|---|---|
| 001 | MAT.inmabb000978 | ||
| 008 | 031119s19uu####xxu###########000#0#eng#d | ||
| 005 | 20170808154646.0 | ||
| 245 | 1 | 0 | |a Approximation methods in functional analysis / |c by Mieczyslaw Altman. |
| 260 | |a [S.l.] : |b California Institute of Technology, |c [s.f.] | ||
| 300 | |a 130 p. ; |c 28 cm. | ||
| 500 | |a "Lectures given in 1959 at the California Institute of Technology, forming part of the course Advanced Topics in Numerical Analysis." | ||
| 100 | 1 | |a Altman, Mieczyslaw. | |
| 084 | |a 46-XX |a 41-XX |2 msc2000 | ||
| 859 | |h 46 |i Al468 |p A-839 |b BIB. MATEMATICA | ||
